000 02564cam a2200385 4500500
005 20260111142259.0
041 _afre
042 _adc
100 1 0 _aBernard, Maëlle
_eauthor
245 0 0 _aDe l’innocence juridique à la suspicion judiciaire
260 _c2021.
500 _a41
520 _aAu 18e siècle, la théorique juridique et la réalité judiciaire s’affrontent lorsqu’il est question du consentement juvénile. Considérée dans les dictionnaires juridiques comme une victime parfaite – parce qu’innocente par nature –, la fillette dont la famille vient porter plainte doit prouver son innocence au tribunal, face à des juges et des médecins qui remettent en cause l’absence de son consentement et des accusés qui plaident la responsabilité féminine. Par l’analyse d’une vingtaine de procès pour viol issus des archives du Châtelet de Paris (1750-1785), nous avons constaté une méfiance de la part de la justice parisienne à reconnaître l’absence de consentement juvénile : le discours qui décide de la peine est celui de l’accusé et non celui de la victime.
520 _aIn the eighteenth century, legal theory and judiciary reality were pitted against each other when it came to juvenile sexual consent. Considered in legal dictionaries as perfect victim (because in-nocent by nature) the girl whose family came to lodge a complaint had to prove her innocence to the tribunal when facing judges and doctors who questioned the absence of her consent as well as accusers who pleaded feminine responsibility. With the analysis of twenty or so trial proce-dures for rape taken from the Châtelet archives in Paris (1750-1785), mistrust is noted on the part of Parisian justice when acknowledging an absence of juvenile consent : the discourse that prevails in the sentencing is that of the accuser, not that of the accused.
690 _a18
690 _aChâtelet
690 _aconsentement
690 _ae
690 _aenfant
690 _apédocriminalité
690 _apédophilie
690 _asiècle
690 _aviol
690 _aviolences sexuelles
690 _aChâtelet
690 _achild
690 _aconsent
690 _aeighteenth-century
690 _apaedocriminality
690 _apaedophilia
690 _arape
690 _aviolences sexuelles
786 0 _nDix-huitième siècle | 53 | 1 | 2021-06-28 | p. 357-373 | 0070-6760
856 4 1 _uhttps://shs.cairn.info/revue-dix-huitieme-siecle-2021-1-page-357?lang=fr&redirect-ssocas=7080
999 _c1635876
_d1635876